[Event "Baden-ch U14"]
[Site "Karlsruhe"]
[Date "2014.01.06"]
[Round "7"]
[White "Raitor, Sven"]
[Black "Bachmann, Jonas"]
[Result "1/2-1/2"]
[WhiteElo "1199"]
[BlackElo "1492"]
[PlyCount "47"]
[EventDate "2014.01.??"]
[EventType "swiss"]
[EventRounds "7"]
[EventCountry "GER"]
[SourceTitle "EXT 2022"]
[Source "ChessBase"]
[SourceDate "2021.10.06"]
[SourceVersion "1"]
[SourceVersionDate "2021.10.06"]
[SourceQuality "1"]

1. d4 d5 2. c4 e6 3. c5 Nc6 4. e3 Nge7 5. Nf3 g6 6. Bd3 Bg7 7. 0-0 e5 8. Bb5 Bg4 9. Nbd2 e4 10. h3 exf3 11. hxg4 fxg2 12. Kxg2 h5 13. Rh1 Qd7 14. gxh5 0-0-0 15. Nf1 gxh5 16. Rxh5 Rxh5 17. Qxh5 Rh8 18. Qf3 Rh5 19. Ng3 Qe6 20. Bxc6 bxc6 21. b4 Ng6 22. a4 Rh8 23. Kf1 Nh4 24. Qe2 1/2-1/2

[Event "Baden-ch U12"]
[Site "Karlsruhe"]
[Date "2012.01.04"]
[Round "4"]
[White "Bachmann, Jonas"]
[Black "Joeres, Stefan"]
[Result "1/2-1/2"]
[WhiteElo "1510"]
[BlackElo "1204"]
[PlyCount "116"]
[EventDate "2012.01.03"]
[EventType "swiss"]
[EventRounds "7"]
[EventCountry "GER"]
[SourceTitle "EXT 2015"]
[Source "ChessBase"]
[SourceDate "2014.11.20"]
[SourceVersion "1"]
[SourceVersionDate "2014.11.20"]
[SourceQuality "1"]

1. e4 e5 2. Nf3 Nc6 3. d4 exd4 4. Bc4 Bc5 5. c3 d3 6. b4 Bb6 7. Qb3 Qe7 8. 0-0 Nf6 9. Bxd3 0-0 10. Nbd2 d6 11. a4 a5 12. b5 Ne5 13. Nxe5 dxe5 14. Ba3 Bc5 15. Bxc5 Qxc5 16. c4 Bg4 17. h3 Bh5 18. Qc2 Rad8 19. Nb3 Qd6 20. Be2 Bxe2 21. Qxe2 b6 22. Rfd1 Qe7 23. f3 Nd7 24. Qe3 f6 25. Qc3 Nc5 26. Nxc5 Qxc5+ 27. Kh1 Rd6 28. Rd5 Rxd5 29. exd5 Rd8 30. Rd1 Rd6 31. Rc1 g6 32. Kh2 Kg7 33. Kg3 h5 34. h4 Kf7 35. Kh3 Qf2 36. Qe1 Qxe1 37. Rxe1 Kg7 38. Re4 Kh6 39. f4 Kg7 40. fxe5 fxe5 41. Rxe5 Kf7 42. g4 hxg4+ 43. Kxg4 Rf6 44. Kg5 Rf1 45. Re6 Rg1+ 46. Kh6 Rg2 47. Rc6 Rh2 48. Rxc7+ Kf6 49. Rc6+ Kf5 50. d6 Ke6 51. Kxg6 Rxh4 52. Kg5 Rd4 53. c5 bxc5 54. Rxc5 Kxd6 55. Rc6+ Kd7 56. Ra6 Rxa4 57. b6 Rb4 58. Rxa5 Rxb6 1/2-1/2

[Event "GER-ch U10"]
[Site "Oberhof"]
[Date "2011.06.12"]
[Round "2"]
[White "Rosenthal, Moritz"]
[Black "Bachmann, Jonas"]
[Result "1-0"]
[WhiteElo "847"]
[BlackElo "1396"]
[PlyCount "139"]
[EventDate "2011.06.11"]
[EventType "swiss"]
[EventRounds "11"]
[EventCountry "GER"]
[SourceTitle "CBM 142 Extra"]
[Source "ChessBase"]
[SourceDate "2011.06.27"]
[SourceVersion "1"]
[SourceVersionDate "2011.06.27"]
[SourceQuality "1"]

1. e4 e5 2. Nf3 Nc6 3. Bc4 Bc5 4. 0-0 Nf6 5. d3 h6 6. Nc3 d6 7. h3 Be6 8. Nd5 0-0 9. Be3 Bxe3 10. fxe3 Nh5 11. Nxe5 Ng3 12. Rf3 Nxe4 13. Nxc6 bxc6 14. dxe4 cxd5 15. exd5 Bd7 16. e4 Re8 17. Re3 Qg5 18. Qf3 Rab8 19. b3 Bb5 20. Bxb5 Rxb5 21. Rf1 f6 22. c4 Ra5 23. Re2 Rc8 24. Qf5 Qxf5 25. exf5 c6 26. dxc6 Rxc6 27. g4 Kf7 28. Kg2 Re5 29. Rxe5 fxe5 30. Re1 Kf6 31. Kg3 g6 32. fxg6 Kxg6 33. h4 Rc7 34. Rd1 Rd7 35. c5 d5 36. c6 Rd6 37. c7 Rc6 38. Rxd5 Rxc7 39. Rxe5 Rc2 40. Ra5 Rc3+ 41. Kf4 Rc7 42. Ra6+ Kg7 43. g5 Rf7+ 44. Kg4 hxg5 45. Kxg5 Kh7 46. Rh6+ Kg7 47. Rg6+ Kh7 48. h5 a5 49. h6 Ra7 50. Rg7+ Rxg7+ 51. hxg7 Kxg7 52. Kf5 Kf7 53. Ke5 Ke7 54. Kd5 Kd7 55. Kc5 a4 56. b4 Kc7 57. Kb5 a3 58. Ka4 Kb6 59. Kxa3 Kb5 60. Kb3 Kb6 61. a4 Ka6 62. Kc4 Kb6 63. Kd5 Ka6 64. Kc6 Ka7 65. b5 Ka8 66. Kc7 Ka7 67. b6+ Ka8 68. b7+ Ka7 69. b8Q+ Ka6 70. Qb6# 1-0

[Event "Baden-ch op U1200"]
[Site "Haslach im Kinzigtal"]
[Date "2010.06.06"]
[Round "7"]
[White "Ebbing, Jan"]
[Black "Bachmann, Jonas"]
[Result "1-0"]
[WhiteElo "1189"]
[BlackElo "1151"]
[PlyCount "109"]
[EventDate "2010.05.31"]
[EventType "swiss"]
[EventRounds "7"]
[EventCountry "GER"]
[SourceTitle "EXT 2011"]
[Source "ChessBase"]
[SourceDate "2010.11.26"]
[SourceVersion "1"]
[SourceVersionDate "2010.11.26"]
[SourceQuality "1"]

1. e4 e5 2. Nf3 Nc6 3. d4 exd4 4. Bc4 Bb4+ 5. c3 dxc3 6. 0-0 Qf6 7. Bg5 Qg6 8. Nxc3 Bxc3 9. bxc3 h6 10. Bf4 d6 11. Kh1 Nge7 12. e5 Qf5 13. g3 g5 14. exd6 cxd6 15. Bxd6 Qe4 16. Qd3 Bf5 17. Qxe4 Bxe4 18. Kg2 g4 19. Rfe1 Bxf3+ 20. Kg1 Rd8 21. Bc5 Kf8 22. Bb5 a6 23. Bxc6 Bxc6 24. Bxe7+ Kg7 25. Bxd8 Rxd8 26. Rad1 Rb8 27. Re7 b5 28. Ra7 Bb7 29. Rd7 Bc8 30. Rd8 Rb7 31. Rxb7 Bxb7 32. Rb8 Bd5 33. a3 Kf6 34. Rb6+ Ke5 35. Rxh6 a5 36. Rh4 f5 37. Rh5 Be4 38. Kf1 a4 39. Ke2 Kd5 40. Rh6 Kc4 41. Rb6 Kc5 42. Rh6 Kc4 43. Kd2 Kb3 44. Rb6 Kc4 45. Rb8 Kc5 46. Rc8+ Kb6 47. c4 bxc4 48. Rxc4 Kb5 49. Rb4+ Ka5 50. Ke3 Bc2 51. f3 Bd1 52. fxg4 Bxg4 53. Kf4 Bh3 54. Kg5 Bg2 55. h4 1-0

[Event "Baden-ch op U1200"]
[Site "Haslach im Kinzigtal"]
[Date "2010.06.01"]
[Round "2"]
[White "Bachmann, Jonas"]
[Black "Molfenter, Rainer"]
[Result "1-0"]
[WhiteElo "1151"]
[BlackElo "925"]
[PlyCount "67"]
[EventDate "2010.05.31"]
[EventType "swiss"]
[EventRounds "7"]
[EventCountry "GER"]
[SourceTitle "EXT 2011"]
[Source "ChessBase"]
[SourceDate "2010.11.26"]
[SourceVersion "1"]
[SourceVersionDate "2010.11.26"]
[SourceQuality "1"]

1. d4 d5 2. c4 e6 3. Nc3 c5 4. e3 Nc6 5. Nf3 f6 6. Bd3 Bd6 7. 0-0 Nge7 8. b3 0-0 9. Bb2 b6 10. e4 Nxd4 11. Nxd4 cxd4 12. Nb5 Bc5 13. Bxd4 a6 14. Bxc5 bxc5 15. Nc3 d4 16. Ne2 e5 17. f4 Ng6 18. fxe5 Nxe5 19. Nf4 Qb6 20. Nd5 Qd6 21. Qd2 Be6 22. a3 Nxd3 23. Qxd3 Bxd5 24. exd5 a5 25. b4 axb4 26. axb4 Rxa1 27. Rxa1 Qb6 28. bxc5 Qxc5 29. Rd1 Re8 30. Qxd4 Re1+ 31. Kf2 Qxd4+ 32. Rxd4 Re5 33. d6 Kf7 34. d7 1-0